Princípy upokojovania dopravy

Pojem upokojovanie dopravy - súbor opatrení a nástrojov slúžiacich k zvýšeniu úžitkovej hodnoty komunikácie, zlepšeniu životného prostredia a bezpečnosti hlavne chodcov a cyklistov na úkor doteraz nadradeného postavenia automobilovej dopravy. Cieľom upokojenia dopravy je zladiť charakter uličného pr...

Descripción completa

Guardado en:
Detalles Bibliográficos
Autor principal: Kalašová, Alica
Formato: Capítulo de libro
Lenguaje:eslovaco
Materias:
Etiquetas: Agregar Etiqueta
Sin Etiquetas, Sea el primero en etiquetar este registro!

MARC

LEADER 00000naa$a2200000$$$4500
001 0055234
005 20230825090527.2
041 0 |a slo 
044 |a SK 
245 1 0 |a Princípy upokojovania dopravy  |c Alica Kalašová 
520 |a Pojem upokojovanie dopravy - súbor opatrení a nástrojov slúžiacich k zvýšeniu úžitkovej hodnoty komunikácie, zlepšeniu životného prostredia a bezpečnosti hlavne chodcov a cyklistov na úkor doteraz nadradeného postavenia automobilovej dopravy. Cieľom upokojenia dopravy je zladiť charakter uličného priestoru s funkciami príslušnej komunikácie, ktorá prechádza riešeným územím. Princípy upokojovania dopravy sa postupne stávajú súčasťou podkladov pre stavby a úpravy pozemných komunikácií. 
610 2 0 |a doprava cestná 
610 2 0 |a politika dopravná 
610 2 0 |a organizácia dopravy 
610 2 0 |a prostriedky dopravné 
610 2 0 |a opatrenia 
610 2 0 |a hodnota úžitková 
610 2 0 |a prostredie životné 
100 1 |a Kalašová, Alica